[Event "Pardubice Chladek&Tintera op"]
[Site "Pardubice"]
[Date "2014.07.17"]
[Round "5"]
[White "Pavliuk, Vladislav"]
[Black "Milchenko, Valerii"]
[Result "1-0"]
[WhiteElo "2093"]
[BlackElo "1870"]
[PlyCount "93"]
[EventDate "2014.07.16"]
[EventType "swiss (rapid)"]
[EventRounds "9"]
[EventCountry "CZE"]
[SourceTitle "EXT 2015"]
[Source "ChessBase"]
[SourceDate "2014.11.20"]
[SourceVersion "1"]
[SourceVersionDate "2014.11.20"]
[SourceQuality "1"]

1. e4 e6 2. d4 d5 3. Nd2 c5 4. dxc5 Bxc5 5. Bd3 Nc6 6. Qe2 Nd4 7. Qg4 Qf6 8. Ngf3 Nh6 9. Qg3 Qg6 10. Qxg6 hxg6 11. exd5 0-0 12. dxe6 Bxe6 13. 0-0 Rac8 14. Nxd4 Bxd4 15. Nf3 Bf6 16. c3 Rfd8 17. Bc2 Bg4 18. Be3 Bxf3 19. gxf3 b6 20. Rad1 Nf5 21. Bxf5 gxf5 22. Rfe1 g5 23. f4 g4 24. Kf1 Kg7 25. Kg2 Kg6 26. Rxd8 Rxd8 27. Re2 Re8 28. Rd2 Re7 29. Rd6 Kg7 30. Kf1 Re4 31. Bd4 Bxd4 32. Rxd4 Kf6 33. Rxe4 fxe4 34. Ke2 Ke6 35. c4 Kd6 36. b4 a5 37. a3 f6 38. Ke3 f5 39. Kd4 Ke6 40. c5 axb4 41. axb4 b5 42. c6 Kd6 43. c7 Kxc7 44. Kc5 Kd7 45. Kxb5 Kd6 46. Kc4 Kc6 47. Kd4 1-0

[Event "Pardubice Chladek&Tintera op"]
[Site "Pardubice"]
[Date "2014.07.17"]
[Round "7"]
[White "Slavik, Jan"]
[Black "Milchenko, Valerii"]
[Result "0-1"]
[WhiteElo "1942"]
[BlackElo "1870"]
[PlyCount "92"]
[EventDate "2014.07.16"]
[EventType "swiss (rapid)"]
[EventRounds "9"]
[EventCountry "CZE"]
[SourceTitle "EXT 2015"]
[Source "ChessBase"]
[SourceDate "2014.11.20"]
[SourceVersion "1"]
[SourceVersionDate "2014.11.20"]
[SourceQuality "1"]

1. e4 e6 2. d4 d5 3. exd5 exd5 4. Bd3 Nf6 5. Nf3 Bg4 6. h3 Qe7+ 7. Kf1 Bh5 8. Bg5 Nbd7 9. c3 h6 10. Bh4 g5 11. Bg3 g4 12. hxg4 Bxg4 13. Nbd2 Ne4 14. Bh4 f6 15. Qc2 Nxd2+ 16. Nxd2 0-0-0 17. Re1 Qg7 18. f3 Bh5 19. Bf5 Bd6 20. Rh3 Kb8 21. Nb3 Rhe8 22. Rxe8 Rxe8 23. Bxd7 Qxd7 24. Bxf6 Qf7 25. Bh4 Bg4 26. Rh1 Bf5 27. Qd1 Qg6 28. Nc5 b6 29. Na6+ Kb7 30. Nb4 c6 31. a4 a5 32. Na2 Bd3+ 33. Kg1 Be2 34. Qd2 Bxf3 35. Nc1 Bg4 36. Bf2 h5 37. Rh4 Qf5 38. Qd3 Qe6 39. Nb3 Be7 40. Rh1 Bg5 41. Qh7+ Re7 42. Qd3 Be2 43. Qg3 Bg4 44. Qd3 Qe2 45. Qxe2 Rxe2 46. Nc1 Bxc1 0-1